| Record ID | ia:bub_gb_mdFCAAAAIAAJ |
| Source | Internet Archive |
| Download MARC XML | https://archive.org/download/bub_gb_mdFCAAAAIAAJ/bub_gb_mdFCAAAAIAAJ_marc.xml |
| Download MARC binary | https://www.archive.org/download/bub_gb_mdFCAAAAIAAJ/bub_gb_mdFCAAAAIAAJ_meta.mrc |
LEADER: 00651cam 22002171 4500
001 08022310
003 DLC
005 20050611182612.0
008 900130s1908 gw 000 0 ger
010 $a 08022310
035 $a(OCoLC)20976791
040 $aDLC$cCU$dCU$dDLC
042 $apremarc
050 00 $aD445$b.M32
100 1 $aMartin, Rudolf Emil,$d1867-1916.
245 00 $aStehen wir vor einem weltkrieg?$cVon Rudolf Martin ...
260 $aLeipzig,$bF. Engelmann,$c1908.
300 $aix p., 1 l., 145 p.$c23 cm.
651 0 $aMorocco$xForeign relations.
650 0 $aEastern question (Balkan)
651 0 $aEurope$xPolitics and government$y1871-1918.